000 00358 a2200109 4500
001 ART_10674
005 20260410161831.0
008 260409a
245 1 0 _aDevaluación, pesificación imperfecta y flotación cambiaria
100 1 _aJacobo, Alejandro D.
773 0 _tActualidad Económica
_g- Año XII, Nº 52 (ene./jul. 2002)
_wREV5083
999 _c23193
_d23193